LEADER 01773nam2 2200457 450 001 000038787 005 20150204161712.0 010 $a2-251-00509-9 100 $a20141002d2003----km-y0itaa50------ba 101 2 $agrc$afre 102 $aFR 200 1 $aOpuscules 21-25$fLucien$gtexte établi et traduit par Jacques Bompaire 210 $aParis$c<> belles lettres$d2003 215 $aXIII, 336 p.$d20 cm 225 2 $aCollection des universités de France 300 $aTraduzione francese con testo greco a fronte 327 1 $aZeus tragédien ; Le songe ou Le coq ; Prométhée ; Icaroménippe ; Timon ou Le misanthrope 410 0$12001$aCollection des universités de France 461 1$1001000038781$12001$aOeuvres / Lucien$vvol. 3 500 11$aIuppiter tragoedus / Lucianus$926839 500 11$aGallus / Lucianus$926840 500 11$aPrometheus / Lucianus$926841 500 11$aIcaromenippus / Lucianus$926842 500 11$aTimon / Lucianus$926843 676 $a885.01$v(22. ed.)$9Discorsi in greco classico. Origini-499 700 0$aLucianus$f<120-ca. 180>$0159729 702 1$aBompaire,$bJacques 801 0$aIT$bUniversità della Basilicata - B.I.A.$gREICAT$2unimarc 912 $a000038787 996 $aPrometheus$926841 996 $aGallus$926840 996 $aTimon$926843 996 $aIcaromenippus$926842 996 $aIuppiter tragoedus$926839 997 $aUNIBAS CAT $aEXT013$b01$c20141002$lBAS01$h1033 CAT $aEXT013$b01$c20150204$lBAS01$h1613 CAT $aEXT013$b01$c20150204$lBAS01$h1614 CAT $aEXT013$b01$c20150204$lBAS01$h1617 FMT Z30 -1$lBAS01$LBAS01$mBOOK$1BASA1$APolo Storico-Umanistico$2DSLF$BCollezione DiSLF$3Class/498.2$67363$5F7363$820141002$f04$FPrestabile Didattica LEADER 02186nam 2200649 450 001 9910463879603321 005 20200909225244.0 010 $a3-905758-44-X 035 $a(CKB)2670000000587386 035 $a(SSID)ssj0001404947 035 $a(PQKBManifestationID)12604493 035 $a(PQKBTitleCode)TC0001404947 035 $a(PQKBWorkID)11386722 035 $a(PQKB)10525913 035 $a(MiAaPQ)EBC1986823 035 $a(OCoLC)967550231 035 $a(MdBmJHUP)muse43526 035 $a(PPN)187340269 035 $a(Au-PeEL)EBL1986823 035 $a(CaPaEBR)ebr11033530 035 $a(CaONFJC)MIL681495 035 $a(OCoLC)908063386 035 $a(EXLCZ)992670000000587386 100 $a20150327h20112011 uy 0 101 0 $aeng 135 $aurcnu|||||||| 181 $ctxt$2rdacontent 182 $cc$2rdamedia 183 $acr$2rdacarrier 200 10$a"As long as they don't bury me here" $esocial relations of poverty in a Namibian shantytown /$fInge Tvedten ; introduction by Michael Bollig 210 1$aBasel, Switzerland :$cBasler Afrika Bibliographien,$d2011. 210 4$d©2011 215 $a1 online resource (216 pages) $cillustrations, maps, graphs, photographs, tables 225 1 $aBasel Namibia Studies Series,$x2234-9561 ;$v11 300 $aOriginally presented as the author's thesis (Ph.D.)--University of Cape Town, 2008. 311 $a3-905758-24-5 311 $a1-322-50213-7 320 $aIncludes bibliographical references and index. 410 0$aBasel Namibia studies series ;$v11. 606 $aSquatter settlements$zNamibia$zOshakati 606 $aPoverty$zNamibia$zOshakati 606 $aSocial networks$zNamibia$zOshakati 607 $aOshakati (Namibia)$xSocial conditions 608 $aElectronic books. 615 0$aSquatter settlements 615 0$aPoverty 615 0$aSocial networks 676 $a306.096881 700 $aTvedten$b Inge$0661732 702 $aBollig$b Michael 801 0$bMiAaPQ 801 1$bMiAaPQ 801 2$bMiAaPQ 906 $aBOOK 912 $a9910463879603321 996 $a"As long as they don't bury me here"$91940165 997 $aUNINA